| 000 | 00629nam a2200217 4500 | ||
|---|---|---|---|
| 003 | OSt | ||
| 005 | 20170215184541.0 | ||
| 008 | 170215b xxu||||| |||| 00| 0 eng d | ||
| 020 | _a0632018127 | ||
| 040 | _c040a | ||
| 082 |
_aWY 195 _bS61n 1987 |
||
| 100 |
_aSnowball, Jan _911594 |
||
| 245 |
_aNursing principles: _ba guide for practice / _cJan Snowball, Wendy H.Green |
||
| 250 | _a2nd.ed. | ||
| 260 |
_aOxford _bBlackwell Scientific publications _c1987 |
||
| 300 |
_axix, 181p; _bill. : _c10 cm. |
||
| 504 | _aIncludes index | ||
| 650 |
_aNursing principles _911595 |
||
| 700 |
_aGreen, Wendy H. _911596 |
||
| 942 |
_2z _cO_SHELF |
||
| 999 |
_c5557 _d5557 |
||